000 00979nam a22003497a 4500
001 BR0805144
003 BR-BrBNA
005 20230928102651.0
007 ta
008 230509b bl.||||| |||| 00| 0 por d
040 _aBR-BrBNA
_bpor
_cBiblioteca Nacional de Agricultura
041 _a(Por)
072 _aL01; B50
_b6100
090 _ 6100 BR0805144
100 1 _aGessulli, O.P.
245 1 _aAvicultura alternativa: sistema "ecologicamente correto", que busca o bem estar animal e a qualidade do produto
260 3 _aPorto Feliz, SP (Brasil):
_c1999.
300 _a218 p.
500 _a13 ref.
650 _aGALINHA CAIPIRA
650 _aHISTÓRIA
650 _aCRIAÇÃO
650 _aMANEJO
650 _aPESQUISA DE MERCADO
650 _aEQUIPAMENTO AGRÍCOLA
650 _aINSTALAÇÃO PARA ANIMAL
650 _aNUTRIÇÃO ANIMAL
650 _aSANIDADE ANIMAL
650 _aLEGISLAÇÃO
909 _a202309
_bLucia
_c55
_dLucia Elande
942 _cBK
999 _c71949
_d71949